00398nam a2200157Ia 4500003000400000005001700004008004100021020001800062040000900080082002000089100001600109245006100125260003200186300000900218650001300227OSt20201231130437.0190216s9999||||xx |||||||||||||| ||und|| a9788126466054 coclc a894.8125bGEO/A aGeorge, K M 0aAadhunika Vicharasilpikal Prabhashanangal /cK M George  bDc Books,c2012.aKottayam: a175p aPolitics